[Event "OGOLNOPOLSKA OLIMPIADA MLODZIEZY<br/>MISTRZOSTWA POLSKI JUNIOROW 2016 - D14"]
[Site "Olecko"]
[Date "2016-05-08"]
[Round "5.8"]
[White "Koruch, Maria"]
[Black "Furtak, Joanna"]
[Result "0-1"]
[WhiteTitle "I"]
[BlackTitle "I+"]
[WhiteElo "1362"]
[BlackElo "1701"]

1. e4 e5 2. Nf3 Nc6 3. Bb5 f5 4. exf5 e4 5. Qe2 Qe7 6. Bxc6 dxc6 7. Nd4 c5 8. Qb5+
c6 9. Nxc6 Qd7 10. Nxa7 Rxa7 11. Nc3 Qxb5 12. Nxb5 Ra5 13. c4 Kf7 14. O-O Nf6
15. f3 Bxf5 16. g4 Be6 17. b3 exf3 18. g5 Ne4 19. Rxf3+ Kg6 20. d3 Nd6 21. Rxf8
Rxf8 22. Nxd6 Bh3 23. Bd2 Rxa2 24. Re1 Rxd2 25. Ne4 Rg2+ 26. Kh1 Rg4 27. Nxc5
Bg2+ 28. Kg1 Be4# 0-1

[Event "OGOLNOPOLSKA OLIMPIADA MLODZIEZY<br/>MISTRZOSTWA POLSKI JUNIOROW 2016 - D14"]
[Site "Olecko"]
[Date "2016-05-08"]
[Round "5.9"]
[White "Hryn, Zofia"]
[Black "Hryn, Aleksandra"]
[Result "1-0"]
[WhiteTitle "I"]
[BlackTitle "I"]
[WhiteElo "1531"]
[BlackElo "1517"]

1. d4 d5 2. c4 e6 3. Nf3 Nf6 4. Nc3 c6 5. e3 Be7 6. b3 O-O 7. Bd3 b6 8. O-O c5
9. dxc5 bxc5 10. cxd5 exd5 11. Bb2 Bb7 12. Rc1 Nbd7 13. Na4 Rc8 14. Bf5 Rc6 15.
Bxd7 Nxd7 16. Qxd5 Qc7 17. Qf5 Rh6 18. h3 Rg6 19. Kh1 Re8 20. Bd4 Bxf3 21. Qxf3
Rc6 22. Bb2 c4 23. Rfd1 Nf6 24. Rd4 Rd8 25. Rdxc4 Rxc4 26. Rxc4 Qd6 27. Rd4 Qc7
28. Rxd8+ Qxd8 29. Bd4 Qc8 30. Qd1 Qc7 31. Nc3 Qb7 32. Qd3 a6 33. e4 h6 34. e5
Nd7 35. Qe4 Qc8 36. e6 Nf6 37. Bxf6 Bxf6 38. Qc4 Qxe6 39. Qxe6 fxe6 40. Ne4 Bd4
41. f3 Kf7 42. g4 Ke7 43. Kg2 Kd7 44. Kf1 Kc6 45. Ke2 e5 46. Kd3 Kd5 47. Nc3+
Kc5 48. Ne2 Bb2 49. Kc2 Ba3 50. Ng3 g6 51. Kd3 Kd5 52. Ne4 Bb4 53. Nc3+ Bxc3 54.
Kxc3 e4 55. fxe4+ Kxe4 56. Kb4 Kf3 57. Ka5 Kg3 58. Kxa6 Kxh3 59. b4 Kxg4 60. b5
h5 61. b6 h4 62. b7 h3 63. b8=Q Kf3 64. Qh2 Kg4 65. Qg1+ Kf3 66. Qxg6 Kf2 67.
Qh5 Kg2 68. a4 h2 69. Kb7 Kg1 70. Qxh2+ Kxh2 71. a5 Kg3 72. a6 Kf4 73. a7 Ke4
74. a8=Q Kd4 75. Qe8 Kd5 76. Qe7 Kd4 77. Qe6 Kc5 78. Qd7 Kc4 79. Qd6 Kc3 80. Qd5
Kb4 81. Qc6 Kb3 82. Qc5 Kb2 83. Qc4 Ka3 84. Qb5 Ka2 85. Qb4 Ka1 86. Kc6 Ka2 87.
Kc5 Ka1 88. Kc4 Ka2 89. Kc3 Ka1 90. Qb2# 1-0

[Event "OGOLNOPOLSKA OLIMPIADA MLODZIEZY<br/>MISTRZOSTWA POLSKI JUNIOROW 2016 - D14"]
[Site "Olecko"]
[Date "2016-05-08"]
[Round "5.10"]
[White "Sivickis, Wiktoria"]
[Black "Kulpa, Zuzanna"]
[Result "1/2-1/2"]
[WhiteTitle "I"]
[BlackTitle "I+"]
[WhiteElo "1459"]
[BlackElo "1654"]

1. e4 e5 2. Nf3 Nc6 3. Bb5 a6 4. Ba4 Nf6 5. O-O Be7 6. Re1 b5 7. Bb3 O-O 8. c3
d6 9. h3 Nb8 10. d4 Nbd7 11. Nbd2 Bb7 12. Bc2 Re8 13. Nf1 Bf8 14. Ng3 g6 15. Bg5
h6 16. Bd2 Bg7 17. Qc1 Kh7 18. a4 c6 19. dxe5 dxe5 20. Be3 Nb6 21. a5 Nc4 22.
b4 Qc7 23. Bb3 Nxe3 24. Qxe3 Rac8 25. Rac1 Bf8 26. Red1 c5 27. Ne1 Red8 28. Rxd8
Rxd8 29. Ba2 c4 30. Bb1 Qd6 31. Nf3 Bg7 32. Bc2 Ne8 33. h4 Nc7 34. h5 Ne6 35.
hxg6+ fxg6 36. Ne2 Nf4 37. Nxf4 exf4 38. Qe1 Qe6 39. Bb1 Re8 40. Nd2 Qg4 41. f3
Qg5 42. Nf1 h5 43. Rd1 Rd8 44. Rxd8 Qxd8 45. e5 Qe7 46. Nd2 Qxe5 47. Qxe5 Bxe5
48. Be4 Bc8 49. Nb1 Kg7 50. Kf2 Kf6 51. Kg1 g5 52. Kh2 g4 53. Kg1 Kg5 54. Kf2
Kh4 55. Kg1 Kg5 56. Kf2 Bf5 57. Bxf5 Kxf5 58. Kg1 h4 59. Kf2 gxf3 60. gxf3 Kg6
61. Kg2 Bf6 62. Kh3 Kf5 63. Kh2 Ke6 64. Kh3 Kf5 65. Kh2 Ke6 66. Kh3 Kd5 67. Kg4
Be5 68. Kxh4 Ke6 69. Kg5 Bg7 70. Kxf4 Kf6 1/2-1/2

[Event "OGOLNOPOLSKA OLIMPIADA MLODZIEZY<br/>MISTRZOSTWA POLSKI JUNIOROW 2016 - D14"]
[Site "Olecko"]
[Date "2016-05-08"]
[Round "5.11"]
[White "Orlik, Sandra"]
[Black "Pyzio, Amelia"]
[Result "1/2-1/2"]
[WhiteTitle "I"]
[BlackTitle "I"]
[WhiteElo "1451"]
[BlackElo "1564"]

1. d4 d5 2. Nf3 Nf6 3. e3 Bf5 4. c4 c6 5. Nc3 e6 6. Nh4 Bg6 7. Nxg6 hxg6 8. Qb3
Qb6 9. Bd2 Nbd7 10. h3 Be7 11. Be2 O-O 12. g4 Rac8 13. cxd5 cxd5 14. Qxb6 Nxb6
15. b3 a6 16. Bd3 Rc6 17. f3 Rfc8 18. Ne2 Nbd7 19. e4 dxe4 20. fxe4 Nb8 21. a4
R6c7 22. Kf2 Nc6 23. Rac1 Nb4 24. Bb1 Kf8 25. Rxc7 Rxc7 26. Rc1 Rxc1 27. Nxc1
Ke8 28. Kf3 Kd7 29. Nd3 Nc6 30. Bc3 Kc7 31. b4 b5 32. axb5 axb5 33. Nc5 Nb8 34.
Bd2 Kb6 35. g5 Nfd7 36. Bf4 Kc6 37. Bd3 Kb6 38. h4 Kc6 39. Kg4 Kb6 40. h5 gxh5+
41. Kxh5 Kc6 42. Bd2 Kb6 43. g6 Nf6+ 44. Kg5 Nxe4+ 45. Kf4 Nxd2 46. gxf7 Nc4 47.
Nxe6 Nd7 48. Nxg7 Nd6 49. Nf5 Nxf5 50. Kxf5 Bxb4 51. Ke6 Nf8+ 52. Kd5 Be7 53.
Ke5 b4 54. Bc4 Kc6 55. Bb3 Kc7 56. Bc4 Bh4 57. Bb3 Kd7 58. Kd5 Ke7 59. Kc6 Bg5
60. Kb5 Bd2 61. Kc5 Ng6 62. Kc6 Nh8 63. Kc5 Nxf7 64. d5 Nd6 65. Kd4 Nb7 66. Bd1
Kd6 67. Kd3 Bc3 68. Bf3 Na5 69. Be4 Nb3 70. Kc2 Nc5 71. Bf3 Nd7 72. Kb3 Nb6 73.
Be4 Nxd5 74. Bb1 Kc5 75. Bh7 Ne7 76. Bc2 Nc6 77. Ka2 Be1 78. Ba4 Na5 79. Bd1 Kc4
80. Kb2 Bc3+ 81. Kb1 Bf6 82. Bh5 Kc3 83. Bf7 Nc4 84. Bg6 b3 85. Bh7 b2 86. Bg6
Kb3 87. Bf7 Kb4 88. Bg6 Ka3 89. Kc2 Nb6 90. Bf7 Na4 91. Bg6 Nc3 92. Kd2 Ka2 93.
Bc2 Nd5 94. Bh7 Nb4 95. Bg6 Bg5+ 96. Kc3 Nd5+ 97. Kc4 Ne3+ 98. Kc3 Ka1 99. Kb3
Bf6 100. Bh7 Nd5 101. Bg6 Nc7 1/2-1/2

[Event "OGOLNOPOLSKA OLIMPIADA MLODZIEZY<br/>MISTRZOSTWA POLSKI JUNIOROW 2016 - D14"]
[Site "Olecko"]
[Date "2016-05-08"]
[Round "5.12"]
[White "Bilczewska, Olga"]
[Black "Wasala, Wiktoria"]
[Result "1/2-1/2"]
[WhiteTitle "I"]
[BlackTitle "I"]
[WhiteElo "1558"]
[BlackElo "1448"]

1. e4 e5 2. Nf3 Nc6 3. Bb5 Nd4 4. Nxd4 exd4 5. O-O Bc5 6. b4 Bxb4 7. Bb2 Bc5 8.
c3 d3 9. Bxd3 Qg5 10. Bc2 d6 11. d4 Bb6 12. Qf3 Nf6 13. Na3 O-O 14. Qd3 Re8 15.
Rae1 g6 16. f4 Qh4 17. Re3 Bg4 18. Qd2 Re7 19. c4 Rae8 20. Rfe1 Bd7 21. R3e2 Bg4
22. Re3 Bd7 23. R3e2 Bg4 24. Re3 Bd7 1/2-1/2

[Event "OGOLNOPOLSKA OLIMPIADA MLODZIEZY<br/>MISTRZOSTWA POLSKI JUNIOROW 2016 - D14"]
[Site "Olecko"]
[Date "2016-05-08"]
[Round "5.13"]
[White "Mytych, Wiktoria"]
[Black "Sowa, Wiktoria"]
[Result "0-1"]
[WhiteTitle "I"]
[BlackTitle "I"]
[WhiteElo "1276"]
[BlackElo "1545"]

1. e4 Nf6 2. Nc3 d6 3. Nf3 c6 4. h3 g6 5. Bc4 b5 6. Bb3 b4 7. Ne2 Nxe4 8. O-O Bg7
9. Re1 O-O 10. Ned4 Nc5 11. a3 Nxb3 12. Nxb3 bxa3 13. Rxa3 a5 14. Qe2 Re8 15.
c3 a4 16. Qe4 Bb7 17. Qb4 Qc7 18. Rxa4 c5 19. Qa3 Rxa4 20. Qxa4 Bc6 21. Qf4 Qb6
22. Na1 Qb7 23. Nc2 Nd7 24. Ng5 Nf6 25. Nf3 Nh5 26. Qe3 Bxf3 27. gxf3 Qd7 28.
Kg2 Be5 29. Rh1 Nf4+ 30. Kf1 Qf5 31. Ne1 Bg7 32. h4 e5 33. Qe4 Qd7 34. Nd3 d5
35. Qe3 Qb5 36. Kg1 Nxd3 37. Qe2 e4 38. f4 Qb3 39. Kh2 Nxf4 40. Qe3 Be5 41. Rf1
Qc4 42. Rd1 Qb5 43. Kh1 Qd3 44. Qxd3 Nxd3 45. Kg1 Ra8 0-1

[Event "OGOLNOPOLSKA OLIMPIADA MLODZIEZY<br/>MISTRZOSTWA POLSKI JUNIOROW 2016 - D14"]
[Site "Olecko"]
[Date "2016-05-08"]
[Round "5.14"]
[White "Tarka, Aleksandra"]
[Black "Nowicka, Julia"]
[Result "0-1"]
[WhiteTitle "I"]
[BlackTitle "I"]
[WhiteElo "1472"]
[BlackElo "1281"]

1. e4 e5 2. d4 Nc6 3. d5 Nce7 4. Nf3 Ng6 5. h4 h5 6. Bg5 Nf6 7. Nc3 Bb4 8. Qd3
b6 9. Nd2 Bb7 10. a3 Bc5 11. Nb3 Be7 12. f3 Nh7 13. Bxe7 Qxe7 14. g3 O-O-O 15.
Nb5 Kb8 16. d6 cxd6 17. Nxd6 Bc6 18. O-O-O Nhf8 19. Qc4 Ne6 20. Qb4 Nc7 21. a4
Ka8 22. a5 Rb8 23. Qc4 Qe6 24. Nxf7 Rhf8 25. Ng5 Qxc4 26. Bxc4 Ba4 27. axb6 Rxb6
28. Nc5 Rc6 29. Nxa4 Rxc4 30. Nc3 Rd8 31. Nf7 Rf8 32. Rxd7 Ne6 33. Rd6 Nd4 34.
Ng5 Ne7 35. Ne6 Nxe6 36. Rxe6 Nc6 37. Rg6 Rxf3 38. Rxg7 Nd4 39. Rd1 Rf2 40. Rd2
Rf1+ 41. Nd1 Nb3+ 42. Kb1 Nxd2+ 43. Ka2 Ra4# 0-1

[Event "OGOLNOPOLSKA OLIMPIADA MLODZIEZY<br/>MISTRZOSTWA POLSKI JUNIOROW 2016 - D14"]
[Site "Olecko"]
[Date "2016-05-08"]
[Round "5.15"]
[White "Tomczak, Marta"]
[Black "Rokoszna, Zuzanna"]
[Result "1-0"]
[WhiteTitle "I"]
[BlackTitle "II"]
[WhiteElo "1482"]
[BlackElo "1017"]

1. e4 c5 2. Nf3 d6 3. c3 Nf6 4. Be2 Nxe4 5. Qa4+ Nc6 6. Qxe4 g6 7. Qc2 Bg7 8. O-O
O-O 9. d3 Bd7 10. Nbd2 Rc8 11. Re1 b5 12. Rb1 a5 13. a3 b4 14. c4 Qb6 15. a4 Nd4
16. Nxd4 Bxd4 17. Bf3 e6 18. Ra1 Bg7 19. Nb3 Rfd8 20. Be3 Bc6 21. Bxc6 Rxc6 22.
Red1 e5 23. f4 f6 24. fxe5 fxe5 25. Rf1 Rcc8 26. Nd2 Rf8 27. Ne4 Qc6 28. Qc1 Rc7
29. Rxf8+ Bxf8 30. Nf6+ Kh8 31. Bh6 Bg7 32. Qg5 Rf7 33. Rf1 Qxa4 34. Bxg7+ Kxg7
35. Nh5+ Kg8 36. Qd8+ Rf8 37. Qxf8# 1-0

[Event "OGOLNOPOLSKA OLIMPIADA MLODZIEZY<br/>MISTRZOSTWA POLSKI JUNIOROW 2016 - D14"]
[Site "Olecko"]
[Date "2016-05-08"]
[Round "5.16"]
[White "Sawa, Daria"]
[Black "Skiba, Aleksandra"]
[Result "0-1"]
[WhiteTitle "I"]
[BlackTitle "I"]
[WhiteElo "1111"]
[BlackElo "1596"]

1. e4 e6 2. d4 d5 3. exd5 exd5 4. Nf3 Nf6 5. Bd3 Bd6 6. Bg5 O-O 7. O-O c6 8. c3
Bg4 9. Nbd2 Nbd7 10. Qc2 h6 11. Bh4 Qc7 12. Bf5 Bxf5 13. Qxf5 Rfe8 14. Rae1 Nh7
15. Bg3 Nhf8 16. Bxd6 Qxd6 17. Ne5 Nxe5 18. dxe5 Qe6 19. Qf4 Ng6 20. Qg3 Qf5 21.
Nf3 Qf4 22. Qxf4 Nxf4 23. Rd1 Ng6 24. Rfe1 Re7 25. Re2 f6 26. Rde1 Rae8 27. e6
Nf4 28. Re3 Rxe6 29. Rxe6 Rxe6 30. Rxe6 Nxe6 31. Nd4 Nxd4 32. cxd4 Kf7 33. Kf1
Ke6 34. Ke2 b6 35. b4 Kd6 36. Kd3 c5 37. bxc5+ bxc5 38. dxc5+ Kxc5 39. Kc3 a5
40. a4 d4+ 41. Kd3 Kd5 42. f4 g5 43. fxg5 fxg5 44. g4 Ke5 45. h3 Kd5 46. Kd2 Kc4
47. Kc2 Kb4 48. Kd3 Kxa4 49. Kc4 Ka3 50. Kxd4 Kb3 51. Ke5 a4 52. Kf6 a3 53. Kg6
a2 54. Kxh6 a1=Q 55. Kxg5 Qg7+ 56. Kf5 Qh7+ 57. Kf6 Qxh3 58. g5 Qf3+ 59. Kg7 Kc4
60. g6 Qf5 61. Kh8 Qh5+ 62. Kg7 Kd5 63. Kf6 Qe5+ 64. Kf7 Qf5+ 65. Kg7 Ke6 66.
Kh6 Kf6 0-1

[Event "OGOLNOPOLSKA OLIMPIADA MLODZIEZY<br/>MISTRZOSTWA POLSKI JUNIOROW 2016 - D14"]
[Site "Olecko"]
[Date "2016-05-08"]
[Round "5.17"]
[White "Choinska, Debora"]
[Black "Tuznik, Martyna"]
[Result "0-1"]
[WhiteTitle "I"]
[BlackTitle "II"]
[WhiteElo "1244"]
[BlackElo "1047"]

1. e4 c5 2. Nf3 d6 3. d4 cxd4 4. Nxd4 Nf6 5. Nc3 g6 6. Be2 Bg7 7. Be3 O-O 8. O-O
Bd7 9. f4 Nc6 10. Nb3 Rc8 11. Bf3 a6 12. Kh1 Qc7 13. f5 Ne5 14. Be2 Nc4 15. Bc1
b5 16. Bd3 a5 17. a4 bxa4 18. Nxa4 Ne5 19. Be3 Bxa4 20. Rxa4 Nfg4 21. Bd4 Nxd3
22. cxd3 Bxd4 23. Qxg4 Bxb2 24. Ra2 Bg7 25. Qd1 Qc3 26. fxg6 hxg6 27. h3 Rc7 28.
Ra1 Qe5 29. Rxa5 Qg3 30. Rf3 Qh4 31. Qf1 Qh6 32. Rf4 Rb8 33. Nd2 Rc2 34. Nc4 e5
35. Rxf7 Rc1 36. Raa7 Rxf1+ 37. Rxf1 Rf8 38. Raa1 g5 39. Nxd6 Qxd6 40. Rxf8+ Bxf8
41. Rd1 Qc5 42. Kh2 Qc2 43. Rf1 Qxd3 44. Rf5 Bg7 45. Rxg5 Qxe4 46. Rg4 Qf5 47.
Rg3 e4 0-1

[Event "OGOLNOPOLSKA OLIMPIADA MLODZIEZY<br/>MISTRZOSTWA POLSKI JUNIOROW 2016 - D14"]
[Site "Olecko"]
[Date "2016-05-08"]
[Round "5.18"]
[White "Wyrzykowska, Aleksandra"]
[Black "Moscicka, Pola"]
[Result "0-1"]
[WhiteTitle "I"]
[BlackTitle "k"]
[WhiteElo "1254"]
[BlackElo "1838"]

1. e4 c6 2. d4 d5 3. exd5 cxd5 4. c4 Nf6 5. Nc3 Nc6 6. Nf3 Bg4 7. Be3 e6 8. Bd3
dxc4 9. Bxc4 Bb4 10. O-O O-O 11. a3 Bd6 12. d5 Bxf3 13. gxf3 Ne5 14. Bb3 Qe7 15.
dxe6 fxe6 16. Kh1 Nh5 17. Ne4 Bc7 18. Ng5 Kh8 19. Qc2 Ng6 20. Bxe6 Qd6 21. f4
Nhxf4 22. Bxf4 Qxf4 23. f3 Qxg5 24. Qxc7 Nf4 25. Bg4 Rac8 26. Qxb7 Rc2 27. h3
Nxh3 28. Bxh3 Qg3 29. Bg2 Qxg2# 0-1

[Event "OGOLNOPOLSKA OLIMPIADA MLODZIEZY<br/>MISTRZOSTWA POLSKI JUNIOROW 2016 - D14"]
[Site "Olecko"]
[Date "2016-05-08"]
[Round "5.19"]
[White "Ullrich, Agata"]
[Black "Filipska, Maja"]
[Result "0-1"]
[WhiteTitle "II"]
[BlackTitle "I"]
[WhiteElo "1199"]
[BlackElo "1479"]

1. d4 Nf6 2. c4 g6 3. Nc3 Bg7 4. e4 d6 5. f4 O-O 6. Nf3 Nbd7 7. Be2 b6 8. O-O Bb7
9. Qc2 e5 10. fxe5 dxe5 11. d5 Qe7 12. Bd2 Ng4 13. h3 Qc5+ 14. Kh1 Ne3 15. Bxe3
Qxe3 16. b4 f5 17. Rae1 Qh6 18. Nh2 a5 19. a3 axb4 20. axb4 f4 21. Bg4 Nf6 22.
Be6+ Kh8 23. Nb5 Ne8 24. Ra1 Rb8 25. Ra7 c6 26. dxc6 Bxc6 27. Nc7 Nf6 28. Bd5
Bd7 29. Be6 Be8 30. Rfa1 Bf7 31. Bxf7 Rxf7 32. Ra8 Rff8 33. Rxb8 Rxb8 34. Nd5
g5 35. Nxf6 Qxf6 36. Ra6 Qd8 37. c5 bxc5 38. bxc5 Qc8 39. Ra7 Qc6 40. Nf3 h6 41.
Re7 Qa6 42. c6 Qa1+ 43. Ng1 Rb2 44. Qc5 Qf1 0-1

[Event "OGOLNOPOLSKA OLIMPIADA MLODZIEZY<br/>MISTRZOSTWA POLSKI JUNIOROW 2016 - D14"]
[Site "Olecko"]
[Date "2016-05-08"]
[Round "5.20"]
[White "Roszkiewicz, Anna"]
[Black "Zaborowska, Maria"]
[Result "1/2-1/2"]
[WhiteTitle "I"]
[BlackTitle "I"]
[WhiteElo "1443"]
[BlackElo "1250"]

1. e4 c5 2. Nf3 e6 3. d4 cxd4 4. Nxd4 a6 5. Bd3 Nf6 6. Nc3 Bb4 7. Bd2 Nc6 8. Nxc6
bxc6 9. O-O O-O 10. Qf3 Qc7 11. Bf4 Bd6 12. Bxd6 Qxd6 13. Rfe1 e5 14. Qf5 Qe6
15. Na4 d6 16. Nb6 Qxf5 17. exf5 Ra7 18. f3 Nd7 19. Nc4 Nc5 20. Nxd6 Nxd3 21.
cxd3 f6 22. Nxc8 Rxc8 23. Kf2 Rb7 24. b3 Kf7 25. Ke3 Rb4 26. Rac1 Ke7 27. Rc4
a5 28. Rec1 Rxc4 29. Rxc4 c5 30. f4 Kd6 31. fxe5+ Kxe5 32. g4 h5 33. Re4+ Kd6
34. Re6+ Kd5 35. h3 hxg4 36. hxg4 Rh8 37. Ra6 Rh4 38. Kf4 Kd4 39. Kg3 Rh1 40.
Rxa5 Ra1 41. a4 Rb1 42. Rb5 Kxd3 43. a5 Kd4 44. Rb7 Ra1 45. Ra7 Ra3 46. Kh4 Rxb3
47. Rxg7 Ra3 48. Ra7 c4 49. a6 c3 50. Rd7+ Kc4 51. Rc7+ Kd3 52. Rd7+ Kc4 53. a7
c2 54. Kh5 Kc3 55. Rc7+ Kd2 56. Rd7+ Kc3 1/2-1/2

[Event "OGOLNOPOLSKA OLIMPIADA MLODZIEZY<br/>MISTRZOSTWA POLSKI JUNIOROW 2016 - D14"]
[Site "Olecko"]
[Date "2016-05-08"]
[Round "5.21"]
[White "Kubasik, Aleksandra"]
[Black "Jedras, Adrianna"]
[Result "1-0"]
[WhiteTitle "II"]
[BlackTitle "I"]
[WhiteElo "1151"]
[BlackElo "1261"]

1. d4 d5 2. c4 e6 3. Nc3 Nf6 4. Bg5 Bb4 5. e3 h6 6. Bh4 g5 7. Bg3 Ne4 8. Qc2 Bxc3+
9. bxc3 Nxg3 10. hxg3 c6 11. Nf3 Nd7 12. Bd3 Qe7 13. a4 a5 14. Rb1 b6 15. O-O
f5 16. cxd5 cxd5 17. Bb5 Rb8 18. Ne5 Qh7 19. c4 O-O 20. Nc6 Rb7 21. cxd5 exd5
22. Rfc1 Nf6 23. Ne5 Re7 24. Bc6 Re6 25. Rxb6 Qc7 26. Rbb1 Re7 27. Ng6 Ref7 28.
Nxf8 Rxf8 29. Qb3 Qf7 30. Rc5 Be6 31. Rxa5 Qc7 32. Qb6 Qd6 33. Qc5 Rb8 34. Rxb8+
Qxb8 35. Ra8 Qxa8 36. Bxa8 Ne4 37. Qb6 Kf7 38. Qc7+ Kg6 39. Qe5 Bf7 40. Bxd5 Bxd5
41. Qxd5 Kh5 42. Qf7+ Kg4 43. f3+ Kxg3 44. fxe4 fxe4 45. a5 g4 46. Qf4+ Kh4 47.
g3+ Kh3 48. a6 h5 49. a7 h4 50. Qf1+ Kxg3 51. Qg2# 1-0

[Event "OGOLNOPOLSKA OLIMPIADA MLODZIEZY<br/>MISTRZOSTWA POLSKI JUNIOROW 2016 - D14"]
[Site "Olecko"]
[Date "2016-05-08"]
[Round "6.1"]
[White "Kalinowska, Zuzanna"]
[Black "Swiech, Joanna"]
[Result "1/2-1/2"]
[WhiteTitle "k"]
[BlackTitle "I++"]
[WhiteElo "1901"]
[BlackElo "1939"]

1. d4 d6 2. Nf3 g6 3. e3 Bg7 4. Be2 Nf6 5. O-O O-O 6. c4 c5 7. d5 Nbd7 8. Nc3 Ng4
9. Ne1 Ngf6 10. Nc2 a6 11. e4 Rb8 12. a4 Qc7 13. Be3 e6 14. Qd2 exd5 15. cxd5
Re8 16. f3 Ne5 17. Na3 Rf8 18. Rac1 Ne8 19. Na2 Qe7 20. b4 b6 21. a5 bxa5 22.
bxc5 Rb2 23. Rc2 Rxc2 24. Qxc2 f5 25. cxd6 Nxd6 26. Bc5 Nd7 27. Bd3 Nxc5 28. Qxc5
fxe4 29. Bxe4 Qe5 30. Bd3 Qf4 31. Nc2 Be5 32. g3 Qd2 33. Nc1 Bh3 34. Qf2 Bc3 35.
Qxd2 Bxd2 36. Rd1 Bxc1 37. Rxc1 Rxf3 38. Ne1 Re3 39. Kf2 Re5 40. Rc5 Be6 41. Rxa5
1/2-1/2

[Event "OGOLNOPOLSKA OLIMPIADA MLODZIEZY<br/>MISTRZOSTWA POLSKI JUNIOROW 2016 - D14"]
[Site "Olecko"]
[Date "2016-05-08"]
[Round "6.2"]
[White "Jarocka, Liwia"]
[Black "Wolagiewicz, Kinga"]
[Result "1-0"]
[WhiteTitle "I+"]
[BlackTitle "I"]
[WhiteElo "1667"]
[BlackElo "1397"]

1. e4 c5 2. Nf3 e6 3. d4 cxd4 4. Nxd4 a6 5. Bd3 Nf6 6. O-O Qc7 7. Qe2 d6 8. f4
Nbd7 9. c4 g6 10. f5 e5 11. Nc2 Bg7 12. Nc3 b6 13. Bg5 Bb7 14. Rac1 h6 15. Bxf6
Nxf6 16. Ne3 g5 17. Ncd5 Qd8 18. Qf2 h5 19. Nxf6+ Bxf6 20. Nd5 Bxd5 21. cxd5 b5
22. Rc6 g4 23. Rxa6 h4 24. Bxb5+ Ke7 25. Rxa8 Qxa8 26. a4 g3 27. Qb6 Qc8 28. Qc6
Qxc6 29. dxc6 Bg5 30. Rf3 gxh2+ 31. Kh1 Bf4 32. c7 Rc8 33. Rc3 Bd2 34. Rc2 Ba5
35. Kxh2 Rxc7 36. Rxc7+ Bxc7 37. Kh3 Bb6 38. Kxh4 Bd4 39. b3 f6 40. Bc4 Bc3 41.
Kh5 Bd2 42. Kg6 Bc3 43. g4 Bd2 44. Kg7 Be3 45. a5 Bd2 46. a6 Be3 47. g5 fxg5 48.
f6+ Kd7 49. f7 g4 50. f8=Q g3 51. Qf3 Bf2 52. a7 1-0

[Event "OGOLNOPOLSKA OLIMPIADA MLODZIEZY<br/>MISTRZOSTWA POLSKI JUNIOROW 2016 - D14"]
[Site "Olecko"]
[Date "2016-05-08"]
[Round "6.3"]
[White "Furtak, Joanna"]
[Black "Kucharska, Honorata"]
[Result "0-1"]
[WhiteTitle "I+"]
[BlackTitle "k"]
[WhiteElo "1701"]
[BlackElo "1857"]

1. e4 d6 2. d4 Nf6 3. Nc3 e5 4. f4 exd4 5. Qxd4 Nc6 6. Bb5 Bd7 7. Bxc6 Bxc6 8.
Nge2 Qd7 9. Be3 Be7 10. O-O-O Ng4 11. h3 Nxe3 12. Qxe3 a6 13. Nd4 O-O 14. Nf5
Bf6 15. Rhe1 Rfe8 16. Nd5 Bxd5 17. Rxd5 Rad8 18. g4 g6 19. Nh6+ Kf8 20. g5 Bg7
21. Ng4 c6 22. Rdd1 Qe6 23. Qb3 f5 24. gxf6 Bxf6 25. Qxe6 Rxe6 26. Nxf6 Rxf6 27.
Rf1 Re8 28. Rde1 Kg7 29. Kd2 Rf7 30. Kd3 Ref8 31. Ke3 Kf6 32. Rf3 Ke6 33. Ref1
d5 34. e5 Rf5 35. h4 Rh5 36. Rh1 Rff5 37. Rhh3 Rf8 38. Rfg3 Rhf5 39. Rf3 R8f7
40. Rh1 Rg7 41. Rg3 Rgf7 42. Rf3 Rh5 43. Rhh3 Rf8 44. Rh1 Rhf5 45. Rhf1 c5 46.
c3 b5 47. b3 Rd8 48. Rd1 a5 49. a3 Rb8 50. Rc1 Rh5 51. Rh3 Kf5 52. Kf3 Rb6 53.
Rd1 Ke6 54. Ke3 a4 55. b4 Rc6 56. Rd3 cxb4 57. cxb4 Rf5 58. Rf3 h6 59. Rh3 Rc4
60. Rf3 Re4+ 61. Kf2 Rexf4 62. Rxf4 Rxf4+ 63. Kg3 Rc4 0-1

[Event "OGOLNOPOLSKA OLIMPIADA MLODZIEZY<br/>MISTRZOSTWA POLSKI JUNIOROW 2016 - D14"]
[Site "Olecko"]
[Date "2016-05-08"]
[Round "6.4"]
[White "Lascar, Maria Elena"]
[Black "Rudzinska, Michalina"]
[Result "0-1"]
[WhiteTitle "I+"]
[BlackTitle "I"]
[WhiteElo "1491"]
[BlackElo "1738"]

1. e4 c5 2. Nf3 e6 3. d4 cxd4 4. Nxd4 Nc6 5. Nc3 Qc7 6. Ndb5 Qb8 7. Be3 a6 8. Bb6
axb5 9. Nxb5 Ra5 10. Nc7+ Ke7 11. Qf3 d6 12. c4 Nf6 13. O-O-O Ne8 14. Nxe8 Kxe8
15. Bxa5 Nxa5 16. Qc3 Qc7 17. f4 f6 18. g4 Be7 19. h4 b6 20. b4 Nc6 21. g5 h6
22. gxh6 Rxh6 23. h5 Bb7 24. Bd3 d5 25. cxd5 Qxf4+ 26. Kb1 exd5 27. exd5 Qxb4+
28. Qxb4 Nxb4 29. Bb5+ Kf8 30. Bc4 f5 31. Rhf1 Rf6 32. Rfe1 f4 33. Re6 Rxe6 34.
dxe6 f3 35. Rf1 Bc5 36. a3 Be4+ 37. Kc1 Nc2 38. Bd3 Ne3 39. Bxe4 Nxf1 40. Bxf3
Bxa3+ 41. Kc2 Ke7 42. Be2 Ng3 43. Bg4 Ne4 44. Bf3 Ng5 45. Bg4 Nxe6 0-1

[Event "OGOLNOPOLSKA OLIMPIADA MLODZIEZY<br/>MISTRZOSTWA POLSKI JUNIOROW 2016 - D14"]
[Site "Olecko"]
[Date "2016-05-08"]
[Round "6.5"]
[White "Michalska, Aleksandra"]
[Black "Malicka, Maria"]
[Result "1/2-1/2"]
[WhiteTitle "I"]
[BlackTitle "I++"]
[WhiteElo "1560"]
[BlackElo "1715"]

1. e4 c6 2. d4 d5 3. exd5 cxd5 4. Bd3 Nc6 5. c3 g6 6. Bf4 Bg7 7. Nf3 Nh6 8. Nbd2
O-O 9. O-O f6 10. Re1 Nf7 11. Bb5 Re8 12. Nb3 e5 13. Bg3 Bg4 14. h3 Bh5 15. Be2
e4 16. Nfd2 Bxe2 17. Qxe2 Nd6 18. Nf1 f5 19. Ne3 Ne7 20. Nc5 Kf7 21. Bh4 Bf6 22.
Bxf6 Kxf6 23. f3 b6 24. Nb3 Kg7 25. f4 Rc8 26. Nd2 Nf7 27. Rf1 Qd6 28. Qf2 h6
29. Kh1 Rg8 30. a4 Qf6 31. Nb3 Nd6 32. Nd2 g5 33. a5 b5 34. Nb3 Nc4 35. fxg5 Qxg5
36. Nxf5+ Nxf5 37. Qxf5 Kh8 38. Qxg5 Rxg5 39. Rf2 Rcg8 40. Nc5 Ne3 41. Rg1 R8g6
42. Nd7 Nc4 43. b3 e3 44. Re2 Nxa5 45. Ne5 Rg7 46. b4 Nc4 47. Nxc4 dxc4 48. Rxe3
Rg3 49. Rxg3 Rxg3 50. Rc1 Kg7 51. Kh2 Rd3 52. Kg1 Kf6 53. Kf2 Kf5 54. Rc2 Kf4
55. Rc1 Rd2+ 56. Kf1 1/2-1/2

[Event "OGOLNOPOLSKA OLIMPIADA MLODZIEZY<br/>MISTRZOSTWA POLSKI JUNIOROW 2016 - D14"]
[Site "Olecko"]
[Date "2016-05-08"]
[Round "6.6"]
[White "Sowa, Wiktoria"]
[Black "Hryn, Zofia"]
[Result "0-1"]
[WhiteTitle "I"]
[BlackTitle "I"]
[WhiteElo "1545"]
[BlackElo "1531"]

1. e4 c5 2. Nc3 e6 3. g3 d5 4. exd5 exd5 5. Bg2 Nf6 6. d3 Nc6 7. Bg5 Be7 8. Nge2
d4 9. Bxf6 Bxf6 10. Nd5 Bg5 11. O-O Bf5 12. Nef4 O-O 13. Re1 Qd7 14. Qh5 h6 15.
h3 Rfe8 16. Qd1 Red8 17. h4 Bxf4 18. Nxf4 Re8 19. Qd2 Ne5 20. f3 Qc6 21. Kf2 c4
22. Ne2 cxd3 23. Nxd4 Qb6 24. c3 Nc4 25. Qf4 Qxb2+ 26. Kg1 Qxc3 27. Rec1 Qb2 28.
Rab1 Qxa2 29. Ra1 d2 30. Rxa2 Re1+ 31. Kh2 dxc1=Q 32. Qxf5 Ne3 33. Qd7 Nxg2 34.
Kxg2 Rg1+ 35. Kh3 Qc8 36. Qxc8+ Rxc8 37. Rxa7 Rb8 38. Nb5 Rb1 39. Nd6 Rb3 40.
Kg4 Rb6 41. Nf5 Ra6 42. Ne7+ Kf8 43. Rxa6 bxa6 44. Nc6 Rb5 45. f4 a5 46. f5 a4
47. Kf4 a3 48. g4 a2 49. g5 hxg5+ 50. Kxg5 Rxf5+ 51. Kxf5 a1=Q 52. Ne5 Qa5 53.
Kf4 Qc7 54. Ke4 Qe7 55. Kd5 Qxh4 56. Nd7+ Ke7 57. Ne5 Qh5 58. Ke4 Ke6 59. Kd4
0-1

[Event "OGOLNOPOLSKA OLIMPIADA MLODZIEZY<br/>MISTRZOSTWA POLSKI JUNIOROW 2016 - D14"]
[Site "Olecko"]
[Date "2016-05-08"]
[Round "6.7"]
[White "Raczykowska, Paulina"]
[Black "Harazinska, Magdalena"]
[Result "0-1"]
[WhiteTitle "I+"]
[BlackTitle "I++"]
[WhiteElo "1737"]
[BlackElo "1805"]

1. e4 c5 2. Nf3 e6 3. d4 cxd4 4. Nxd4 a6 5. Bd3 Qc7 6. O-O Nf6 7. Kh1 Be7 8. f4
d6 9. Nc3 b5 10. Nb3 Bb7 11. Qe2 Nbd7 12. a4 b4 13. Na2 Nc5 14. Nd2 a5 15. b3
Nxd3 16. cxd3 O-O 17. Nf3 Nd7 18. Bb2 Nc5 19. Nc1 Rac8 20. Qe1 Nd7 21. Nd4 Bf6
22. Nce2 Qb6 23. Qg3 e5 24. fxe5 dxe5 25. Nf5 Rc2 26. Bc1 Kh8 27. Be3 Qe6 28.
Nc1 Rfc8 29. Rf2 Nf8 30. Rb1 Ng6 31. Ne2 Ba6 32. Bc1 Qc6 33. Qe3 Qd7 34. Rf3 Rd8
35. h3 Qxd3 36. Qxd3 Bxd3 37. Neg3 Rc3 38. Ra1 Rxb3 39. Kh2 Rb1 40. Rxb1 Bxb1
41. Be3 Nh4 42. Nxh4 Bxh4 43. Rxf7 Bxg3+ 44. Kxg3 Bxe4 45. Ra7 Ra8 46. Re7 b3
47. Bc1 Bc6 48. Bb2 Bxa4 49. Rxe5 Bc6 50. Re7 Rg8 51. Rc7 Be8 52. Ba3 a4 53. Ra7
Bc6 54. Ra6 Rc8 55. Rb6 Kg8 56. h4 Kf7 57. Rb4 Ke6 58. Kf2 Rf8+ 59. Kg1 Rf5 60.
g3 Rf3 61. Kh2 Rf2+ 62. Kh3 h5 63. Rb6 Rc2 64. Rb4 Kd5 65. Rb8 Bd7+ 66. g4 Bxg4+
67. Kg3 Rc3+ 68. Kf2 g6 69. Rb5+ Kc6 70. Rb4 Bf5 71. Rxa4 b2 72. Ra6+ Kb7 73.
Bxb2 Rc2+ 74. Ke3 Kxa6 75. Bf6 Rc4 76. Bg5 Kb5 77. Bf6 Kc6 0-1